3a edició del Cercle de comparació intermunicipal d'eficiència energètica en l'enllumenat públic : resultats any 2011 resultats any 2011
Publicado:
Barcelona :
Diputació de Barcelona. Oficina Tècnica de Canvi Climàtic i Sostenibilitat : Diputació de Barcelona. Servei de Programació ,
2012
Descripción Física:
250 p. ; 30 cm.
Idioma:
Catalán
MARC
| LEADER | 00000nam a22000007a 4500 | ||
|---|---|---|---|
| 001 | 25109 | ||
| 008 | 211229b spa||||| |||| 00| 0 cat d | ||
| 245 | |a 3a edició del Cercle de comparació intermunicipal d'eficiència energètica en l'enllumenat públic : |b resultats any 2011 | ||
| 260 | |a Barcelona : |b Diputació de Barcelona. Oficina Tècnica de Canvi Climàtic i Sostenibilitat : |b Diputació de Barcelona. Servei de Programació ; |c 2012 | ||
| 300 | |a 250 p. ; |c 30 cm. | ||
| 650 | 0 | |a Energia |x Estalvi |z Barcelona (Província) |9 49846 | |
| 650 | 0 | |a Gestió de l'energia |9 10484 | |
| 650 | 0 | |9 20676 |a Enllumenat públic | |
| 710 | |a Barcelona (Catalunya : Província). |b Servei de Programació |9 53631 | ||
| 710 | 1 | |a Barcelona (Catalunya : Província). |b Servei de Medi Ambient |9 53475 | |
| 942 | |2 udc |c ARXIU |n 1 | ||
| 952 | |0 0 |1 0 |4 0 |6 BIB382 |7 1 |9 60934 |a Arxiu |b Arxiu |d 2021-12-29 |l 0 |o Bib-382 |p 25109 |r 2021-12-29 00:00:00 |w 2021-12-29 |y ARXIU | ||
| 999 | |c 81059 |d 81059 | ||